书目信息 |
| 题名: |
政府之谜
|
|
| 作者: | 陈实 著 | |
| 分册: | ||
| 出版信息: | 北京 学苑出版社 1989.3 |
|
| 页数: | 129页 | |
| 开本: | 19cm | |
| 丛书名: | 经济学者对社会的警告 | |
| 单 册: | ||
| 中图分类: | D6-51 | |
| 科图分类: | ||
| 主题词: | 政治--中国--丛书 | |
| 电子资源: | ||
| ISBN: | 7-80060-308-3 | |
| 000 | 00630nam2 2200229 45 | |
| 001 | 0189004875 | |
| 005 | 20050623155323.9 | |
| 010 | @a7-80060-308-3@dCNY1.65 | |
| 100 | @a19900816d1989 m y0chiy0120 ea | |
| 101 | 0 | @achi |
| 102 | @aCN@b110000 | |
| 105 | @ay z 000yy | |
| 200 | 10 | @a政府之谜@Azheng fu zhi mi@f陈实著@FChen Shi Zhu |
| 210 | @a北京@c学苑出版社@d1989.3 | |
| 215 | @a129页@d19cm | |
| 225 | 2 | @a经济学者对社会的警告@f韩朝华主编 |
| 410 | 0 | @120010@a经济学者对社会的警告 |
| 606 | 0 | @a政治@x中国@x丛书 |
| 690 | @aD6-51@v3 | |
| 701 | 0 | @a陈实@4著 |
| 801 | 0 | @aCN@bNLC@c19900816 |
| 905 | @dD6-51@e30:11@f1@b257146 | |
| 政府之谜/陈实著.-北京:学苑出版社,1989.3 |
| 129页;19cm.-(经济学者对社会的警告/韩朝华主编) |
| ISBN 7-80060-308-3:CNY1.65 |
| ● |
| 相关链接 |
|
|
|
|
正题名:政府之谜
索取号:D6-51/30:11
 
预约/预借
| 序号 | 登录号 | 条形码 | 馆藏地/架位号 | 状态 | 备注 |
| 1 | 0257146 | 000484755 | 第一样本阅览室/ [索取号:D6-51/30:11] | 在馆 | |
| 2 | 0257147 | 000484773 | 密集书库/ [索取号:D6-51/30:11] | 在馆 | |
| 3 | 0257148 | 000484764 | 密集书库/ [索取号:D6-51/30:11] | 在馆 |